Statistics for Snowiest States

Click here to take the quiz!

General Stats

  • This quiz has been taken 33 times
  • The average score is 9 of 10

Answer Stats

HintAnswer% Correct
64.4 inAlaska
96%
67.3 inColorado
96%
77.2 inMaine
96%
55.3 inNew York
93%
89.2 inVermont
93%
71.4 inNew Hampshire
89%
60.6 inMichigan
85%
45.7 inWisconsin
85%
51.0 inWyoming
85%
51.0 inMassachusetts
78%

Score Distribution

Percentile by Number Answered

Percent of People with Each Score

Your Score History

You have not taken this quiz